Petit quizz sur la ligue des champions - Statistiques

Statistiques générales
  • Ce quiz a été pris 234 fois
  • Le résultat moyen est 5 sur 11
Statistiques - réponses
Question Réponse % Correct
Quel joueur a marqué pour le plus grand nombre de clubs différents? Zlatan Ibrahimovic
83%
Le réal de Madrid a gagné le plus de ligue des champions ( 13 ), mais qui le seconde avec 7 unités ? L'AC Milan
75%
Un peu d'histoire, en quelle année le Chelsea de roman Abrahmovic remporte sa seule et unique ligue des champions ? 2011-2012
63%
Quel est le DERNIER club à avoir remporter tous ses matchs de poule ? Le Bayern
60%
Et enfin la dernière, contre qui les Lyonnais se sont inclinés en demie finale de ligue des champions en 2010 ? Le Bayern Munich
56%
Rayon buteur à présent : Quel est le seul Français à avoir marqué un quadruplé dans la compétition ? Gomis
41%
Cristiano Ronaldo est l'actuel meilleur buteur de l'histoire de la ligue des champions, mais avec combien de buts ? 127
37%
Barcelone - Chelsea - Barcelone - City - Barcelone - Réal de Madrid - Manchester United, 7 échecs Européens pour le PSG, mais quels joueurs ont marqué contre le PSG lors de ces matchs ? Pedro - Schurle -Suarez - De Bruyne - Sergi Roberto - Ronaldo - Lukaku
36%
8 mars 2017, Camp Nou, le PSG sombre et subit une "remontada", mais en combien de temps les 3 derniers buts Barcelonais ont été marqué ? 7
34%
Qui est le plus jeune buteur de la ligue des champions ? Kylian Mbappe
29%
La France compte une seule victoire en ligue des champions. A jamais les premiers... Mais combien de finales de ligue des champions ( sous son actuelle et ancienne forme ) les clubs Français ont ils disputé ? 6
20%
Aucun quiz correspondant
Distribution des résultats
% des personnes avec chaque résultat
Percentile par nombre de réponses
Votre historique - résultats
Vous n’avez pas pris ce quiz